Компьютерная система контроля процесса погрузки угля; Современные техника и технологии; Т. 1

Podrobná bibliografie
Parent link:Современные техника и технологии: сборник трудов XVI Международной научно-практической конференции студентов, аспирантов и молодых ученых, Томск, 12-16 апреля 2010 г/ Национальный исследовательский Томский политехнический университет (ТПУ).— , 2010
Т. 1.— 2010.— [С. 206-207]
Hlavní autor: Зыкова О. С.
Další autoři: Бориков В. Н. (научный руководитель)
Shrnutí:Заглавие с титульного листа
Электронная версия печатной публикации
Jazyk:ruština
Vydáno: 2010
Témata:
On-line přístup:http://www.lib.tpu.ru/fulltext/v/Conferences/2010/K04/104103.pdf
Médium: Elektronický zdroj Kapitola
KOHA link:https://koha.lib.tpu.ru/cgi-bin/koha/opac-detail.pl?biblionumber=227080

MARC

LEADER 00000nla2a2200000 4500
001 227080
005 20231031201257.0
035 |a (RuTPU)RU\TPU\book\247478 
035 |a RU\TPU\book\247477 
090 |a 227080 
100 |a 20121130d2010 k y0rusy50 ca 
101 0 |a rus 
102 |a RU 
105 |a y z 101zy 
135 |a drnn ---uucaa 
181 0 |a i  
182 0 |a b 
200 1 |a Компьютерная система контроля процесса погрузки угля  |b Электронный ресурс  |f О. С. Зыкова  |g науч. рук. В. Н. Бориков 
203 |a Текст  |c электронный 
215 |a 1 файл (262 Кб) 
230 |a Электронные текстовые данные (1 файл : 262 Кб) 
300 |a Заглавие с титульного листа 
300 |a Электронная версия печатной публикации 
337 |a Adobe Reader 
461 0 |0 (RuTPU)RU\TPU\book\245271  |t Современные техника и технологии  |o сборник трудов XVI Международной научно-практической конференции студентов, аспирантов и молодых ученых, Томск, 12-16 апреля 2010 г  |o в 3 т.  |f Национальный исследовательский Томский политехнический университет (ТПУ)  |d 2010 
463 0 |0 (RuTPU)RU\TPU\book\245275  |t Т. 1  |v [С. 206-207]  |d 2010  |p [511 с.] 
610 1 |a уголь 
610 1 |a погрузка 
610 1 |a компьютерные системы 
610 1 |a технологические процессы 
610 1 |a контрольно-измерительные операции 
610 1 |a системы контроля 
610 1 |a виртуальные панели 
610 1 |a виртуальные приборы 
610 1 |a LabView 
610 1 |a электронный ресурс 
610 1 |a труды учёных ТПУ 
700 1 |a Зыкова  |b О. С. 
702 1 |a Бориков  |b В. Н.  |4 727 
801 1 |a RU  |b 63413507  |c 20121116 
801 2 |a RU  |b 63413507  |c 20151111  |g RCR 
856 4 |u http://www.lib.tpu.ru/fulltext/v/Conferences/2010/K04/104103.pdf 
942 |c CF